[Event "Autumn Cup - Group A"]
[Site "Wellington Chess Club"]
[Date "2021.05.27"]
[Round "4.1"]
[White "Dive, Russell"]
[Black "Wastney, Scott"]
[Result "0-1"]
[WhiteElo "2384"]
[BlackElo "2434"]

1. Nf3 d5 2. d4 Nf6 3. c4 e6 4. Nc3 Bb4 5. cxd5 exd5 6. a3 Bxc3+ 7. bxc3 O-O 8.
Qb3 c5 9. Bg5 c4 10. Qc2 h6 11. Bh4 g5 12. Bg3 Ne4 13. Nd2 Bf5 14. Nxe4 Bxe4
15. Qd2 Nc6 16. h4 Na5 17. Rd1 Nb3 18. Qb2 b5 19. hxg5 hxg5 20. f3 Bg6 21. Kf2
Re8 22. Re1 Re6 23. e3 Qe7 24. Kg1 f6 25. e4 dxe4 26. fxe4 Rxe4 27. Rxe4 Qxe4
28. a4 a6 29. Qa3 Nd2 30. Qd6 Qe3+ 31. Kh2 Kg7 0-1

[Event "Autumn Cup - Group A"]
[Site "Wellington Chess Club"]
[Date "2021.05.27"]
[Round "4.2"]
[White "Cilia Vincenti, David"]
[Black "Ker, Anthony"]
[Result "0-1"]
[WhiteElo "2282"]
[BlackElo "2452"]

1. d4 Nf6 2. c4 e6 3. Nc3 Bb4 4. f3 d5 5. a3 Be7 6. e4 dxe4 7. fxe4 e5 8. d5
Bc5 9. Nf3 Bg4 10. h3 Bxf3 11. Qxf3 Nbd7 12. Bg5 O-O 13. O-O-O Qe7 14. Bd3 c6
15. Rhf1 Rfc8 16. Kb1 a5 17. Ne2 Ra6 18. Ka2 cxd5 19. cxd5 Rb6 20. Rc1 Ra8 21.
Ng3 Bd4 22. Rc2 g6 23. Ne2 Bc5 24. Nc3 a4 25. Bb5 Qf8 26. Nxa4 Rxb5 27. Nxc5
Rxc5 28. Rxc5 Qxc5 29. Bxf6 Qc4+ 30. Ka1 Nc5 31. Bg5 f5 32. exf5 Nb3+ 33. Kb1
Nd4 34. Qd1 gxf5 35. d6 Qd5 36. d7 Qxd7 37. Be3 Ra4 38. Bxd4 Rxd4 39. Qb3+ Kg7
40. Rc1 e4 41. Qg3+ Kf6 42. Qh4+ Ke6 43. Qh6+ Ke5 44. Rc5+ Rd5 45. Qd2 f4 46.
Qc3+ Ke6 47. Qc4 Ke5 48. Rc7 Rd1+ 49. Ka2 Qe6 50. Rc5+ Rd5 51. Qc3+ Kf5 52. b3
Rxc5 53. Qxc5+ Kg6 54. h4 h6 55. h5+ Kf6 56. Qf8+ Kg5 57. Qg7+ Kxh5 58. Qxb7 e3
59. Qf3+ Qg4 60. Qd5+ Kh4 61. Qd8+ Kg3 62. Qd5 Qe2+ 0-1

[Event "Autumn Cup - Group A"]
[Site "Wellington Chess Club"]
[Date "2021.05.27"]
[Round "4.3"]
[White "Winter, Ryan"]
[Black "Croad, Nicolas"]
[Result "1/2-1/2"]
[WhiteElo "2176"]
[BlackElo "2451"]

1. e4 e5 2. Nf3 Nc6 3. Bb5 a6 4. Ba4 Nf6 5. O-O Be7 6. Re1 b5 7. Bb3 d6 8. c3
O-O 9. h3 Nb8 10. d4 Nbd7 11. Nbd2 c5 12. Nf1 Re8 13. Ng5 c4 14. Bc2 h6 15. Nf3
Bf8 16. Ng3 Bb7 17. a4 Qc7 18. Bd2 d5 19. dxe5 Nxe4 20. Nxe4 dxe4 21. Bxe4 Bxe4
22. Rxe4 Nc5 23. Re2 Nxa4 24. Qc2 Nc5 25. Bf4 Nd3 26. Bg3 Bc5 27. Kh2 Qc6 28.
Ne1 Rad8 29. Rd1 Nxe1 30. Rexe1 Qe6 31. f4 g6 32. Re2 Be7 33. Red2 Rxd2 34.
Rxd2 Rd8 35. Rxd8+ Bxd8 36. Qe4 Kg7 37. Bf2 h5 38. g3 Kh7 39. Kg2 Be7 40. Qb7
Bf8 41. Bd4 b4 42. cxb4 Bxb4 43. Qf3 Qd7 44. Qe4 a5 45. Qe3 Qf5 46. Qe2 h4 47.
Kh2 Qd3 48. Qe3 Qc2+ 49. Qf2 Qxf2+ 50. Bxf2 Bd2 51. Bd4 hxg3+ 52. Kxg3 a4 53.
Kg4 a3 54. bxa3 c3 55. f5 c2 56. Bb2 c1=Q 57. Bxc1 Bxc1 58. a4 Bd2 59. h4 Kg7
60. h5 gxh5+ 61. Kxh5 Bc3 62. e6 fxe6 1/2-1/2

[Event "Autumn Cup - Group A"]
[Site "Wellington Chess Club"]
[Date "2021.06.03"]
[Round "5.1"]
[White "Croad, Nicolas"]
[Black "Dive, Russell"]
[Result "1-0"]
[WhiteElo "2451"]
[BlackElo "2384"]

1. d4 Nf6 2. c4 c5 3. d5 d6 4. Nc3 e5 5. e4 Be7 6. Nf3 Na6 7. Be2 Bd7 8. O-O
Nc7 9. Rb1 O-O 10. Ne1 Nfe8 11. a3 f5 12. b4 cxb4 13. axb4 b5 14. cxb5 fxe4 15.
Nc2 Nf6 16. b6 axb6 17. b5 Qe8 18. Be3 Qg6 19. Kh1 Bg4 20. Nb4 Bxe2 21. Qxe2
Nd7 22. Qc4 Ne8 23. Qxe4 Qh5 24. Nc6 Bg5 25. Ra1 Nef6 26. Rxa8 Nxe4 27. Rxf8+
Kxf8 28. Nxe4 Bf4 29. h3 Nf6 30. Nxd6 Nxd5 31. Ra1 g5 32. Ra8+ Kg7 33. Ra7+ Kg6
34. Bxf4 gxf4 35. f3 Qg5 36. Nf7 Qf5 37. Nfxe5+ Kg5 38. Ng4 Qb1+ 39. Kh2 Ne3
40. Nxe3 fxe3 41. Re7 Qd3 42. Ne5 Qc2 43. f4+ Kh6 44. Ng4+ Kg6 45. Rxe3 h5 46.
Re6+ Kf7 47. Rc6 Qd2 48. Ne5+ Kg7 49. Rg6+ Kh7 50. Rf6 Qd4 51. Rf5 Kh6 52. Rf6+
Kg7 53. Rf7+ Kg8 54. Rf5 Qc5 55. Nc6 Qc4 56. Kg3 Kg7 57. Rxh5 Qd3+ 58. Kh4 Qe4
59. g3 Qe3 60. Ne5 Kf8 61. Rh6 Ke8 62. Re6+ 1-0

[Event "Autumn Cup - Group A"]
[Site "Wellington Chess Club"]
[Date "2021.06.03"]
[Round "5.2"]
[White "Ker, Anthony"]
[Black "Winter, Ryan"]
[Result "1-0"]
[WhiteElo "2452"]
[BlackElo "2176"]

1. e4 c6 2. d4 d5 3. exd5 cxd5 4. Bd3 Nc6 5. c3 g6 6. Bf4 Bh6 7. Qd2 Bxf4 8.
Qxf4 Qb6 9. b4 Nf6 10. Nf3 a5 11. b5 Nd8 12. O-O Ne6 13. Qh6 Ng4 14. Qh4 Nf6
15. Qh6 Ng4 16. Qc1 O-O 17. Re1 Qd6 18. h3 Nf6 19. Ne5 Ng7 20. Nd2 Bf5 21. Bf1
Rac8 22. Qb2 Rfd8 23. Rac1 Be6 24. Ndf3 Qb6 25. c4 dxc4 26. Nxc4 Bxc4 27. Bxc4
e6 28. Bd3 Nd5 29. Rxc8 Rxc8 30. Rc1 Rxc1+ 31. Qxc1 Qc7 32. Qc5 Ne8 33. Ne5 b6
34. Qc4 Qxc4 35. Nxc4 Nec7 36. a4 Kf8 37. Kf1 Ke7 38. Ke1 f6 39. Kd2 Kd7 40.
Be4 Ke7 41. g3 Kf7 42. h4 Ke7 43. f4 Kf7 44. Bf3 Ke7 45. h5 Kf7 46. hxg6+ hxg6
47. Be4 Ke7 48. Bxg6 f5 49. Bh5 Kf6 50. Bf3 Ke7 51. Ne3 Nf6 52. Kd3 Kd7 53. g4
fxg4 54. Nxg4 Nxg4 55. Bxg4 Kd6 56. f5 exf5 57. Bxf5 Nd5 58. Bg4 Nf4+ 59. Kc4
Nd5 60. Bf3 Nf4 61. Kc3 Ne6 62. Bd1 Nf4 63. Kc4 Nd5 64. Bb3 Nf4 65. Kc3 Ne2+
66. Kd3 Nc1+ 67. Kc4 Ne2 68. Bd1 Nf4 69. Kc3 Nd5+ 70. Kd3 Nf6 71. Bb3 Nh5 72.
Ke3 Ng3 73. Bd1 Nf5+ 74. Ke4 Ne7 75. Bb3 Ng6 76. Bf7 Ne7 77. Kf4 Nc8 78. Kf5
Ne7+ 79. Kf6 Nc8 80. Bb3 Ne7 81. Be6 Nd5+ 82. Bxd5 Kxd5 83. Ke7 Kxd4 84. Kd6
Kc4 85. Kc6 Kb4 86. Kxb6 Kxa4 87. Kc5 Ka3 88. b6 a4 89. b7 1-0

[Event "Autumn Cup - Group A"]
[Site "Wellington Chess Club"]
[Date "2021.06.03"]
[Round "5.3"]
[White "Wastney, Scott"]
[Black "Cilia Vincenti, David"]
[Result "1-0"]
[WhiteElo "2434"]
[BlackElo "2282"]

1. e4 e5 2. Nf3 Nc6 3. Bb5 f5 4. d3 fxe4 5. dxe4 Nf6 6. O-O Bc5 7. Nc3 d6 8.
Qd3 Bd7 9. Bg5 h6 10. Bxf6 Qxf6 11. Nd5 Qd8 12. c3 O-O 13. b4 a6 14. Bc4 b5 15.
Bb3 1-0

[Event "Autumn Cup - Group B"]
[Site "Wellington Chess Club"]
[Date "2021.05.06"]
[Round "1.1"]
[White "Wojnar, Maciej"]
[Black "Wojnar, Jacek"]
[Result "1/2-1/2"]
[WhiteElo "2101"]
[BlackElo "2039"]

1. e4 e6 2. d4 d5 3. exd5 exd5 4. Bd3 Bd6 5. Nf3 Qe7+ 6. Qe2 Qxe2+ 7. Bxe2 Bg4
8. O-O Ne7 9. c3 c6 10. h3 Bxf3 11. Bxf3 O-O 12. Be3 Nf5 13. Re1 Nxe3 14. Rxe3
Nd7 15. Nd2 Rfe8 16. Rae1 Kf8 17. Rxe8+ Rxe8 18. Rxe8+ Kxe8 19. Kf1 Nf8 20. Ke2
Ne6 21. g3 Ng5 22. Bg2 Ke7 23. Nf3 Nxf3 24. Bxf3 Ke6 25. Kd3 b6 26. Bg2 c5 27.
b3 f6 28. Ke3 cxd4+ 29. cxd4 Ba3 30. Kd3 Kd6 1/2-1/2

[Event "Autumn Cup - Group B"]
[Site "Wellington Chess Club"]
[Date "2021.05.06"]
[Round "1.2"]
[White "Stone, Andrew"]
[Black "Sellen, Ian"]
[Result "1/2-1/2"]
[WhiteElo "2040"]
[BlackElo "2039"]

1. Nf3 d5 2. c4 e6 3. g3 c6 4. Bg2 Nf6 5. Qc2 Be7 6. O-O a5 7. d4 O-O 8. Rd1
Nbd7 9. Nc3 Re8 10. b3 b6 11. e4 dxe4 12. Ne5 Bb7 13. Nxe4 Rc8 14. Bb2 Nxe4 15.
Qxe4 Nxe5 16. dxe5 Qc7 17. Bd4 Rcd8 18. c5 bxc5 19. Bc3 Ra8 20. h4 Red8 21. Qe1
a4 22. Be4 axb3 23. axb3 g6 24. h5 Rxa1 25. Rxa1 Ra8 26. Rd1 Rd8 27. Rb1 Ra8
28. Qe3 Qd8 29. hxg6 hxg6 30. Kg2 Bf8 31. Qf3 Qg5 32. Bd3 Bg7 33. Re1 Qd8 34.
Bc4 Ba6 35. Rd1 Qc8 36. Rd6 Bxc4 37. bxc4 Bf8 38. Rxc6 Qb7 39. Bd2 Ra4 40. Bg5
Rxc4 41. Bd8 {Draw agreed (time trouble) } 1/2-1/2

[Event "Autumn Cup - Group B"]
[Site "Wellington Chess Club"]
[Date "2021.05.06"]
[Round "1.3"]
[White "Sole, Michael"]
[Black "Benitez, Edgar"]
[Result "1-0"]
[WhiteElo "2012"]
[BlackElo "2033"]

1. e4 e5 2. Nf3 Nc6 3. Bb5 a6 4. Ba4 Nf6 5. O-O Be7 6. Re1 b5 7. Bb3 d6 8. c3
O-O 9. h3 Na5 10. Bc2 c5 11. d4 Qc7 12. d5 Nc4 13. b3 Nb6 14. a4 bxa4 15. bxa4
a5 16. Na3 Ba6 17. Bd3 c4 18. Bc2 Nfd7 19. Be3 Rfb8 20. Rb1 Nc5 21. Nd2 Ncd7
22. g3 f5 23. Qf3 fxe4 24. Bxb6 Rxb6 25. Nxe4 Nf6 26. Nxf6+ Bxf6 27. Qf5 Rab8
28. Qxh7+ Kf7 29. g4 Rxb1 30. Nxb1 Rg8 31. g5 Be7 32. Qg6+ Kf8 33. Re3 Rh8 34.
Rf3+ Kg8 35. Qf7# 1-0

[Event "Autumn Cup - Group B"]
[Site "Wellington Chess Club"]
[Date "2021.05.13"]
[Round "2.1"]
[White "Wojnar, Jacek"]
[Black "Benitez, Edgar"]
[Result "1-0"]
[WhiteElo "2039"]
[BlackElo "2033"]

1. e4 e5 2. d4 exd4 3. Qxd4 Nc6 4. Qe3 d6 5. Bd2 Nf6 6. Nc3 Be7 7. h3 Be6 8.
O-O-O O-O 9. Qg3 Nh5 10. Qh2 a6 11. g4 Nf6 12. f4 Qc8 13. g5 Ne8 14. f5 Bxf5
15. exf5 Qxf5 16. Bd3 Qa5 17. Qe2 Bxg5 18. Bxg5 Qxg5+ 19. Kb1 Nf6 20. Nf3 Qh5
21. Rdg1 Rfe8 22. Qf2 Qc5 23. Qh4 Kf8 24. Bxh7 Qh5 25. Qxh5 Nxh5 26. Be4 Nf6
27. Bxc6 bxc6 28. Re1 Rxe1+ 29. Rxe1 Re8 30. Rxe8+ Kxe8 31. Kc1 c5 32. Kd2 Ke7
33. Kd3 d5 34. Ng5 c6 35. Na4 Nd7 36. Ke3 f6 37. Nf3 g5 38. b3 Ke6 39. c3 a5
40. a3 Kd6 41. h4 gxh4 42. Nxh4 Ke5 43. Ng6+ Kd6 44. Kf4 Ke6 45. Nh4 c4 46.
bxc4 dxc4 47. Ke4 c5 48. Nf5 Ne5 49. Nxc5+ Kf7 50. Kd5 Kg6 51. Ne3 Kg5 52. Nxc4
Ng6 53. Ne4+ Kf5 54. Ncd6+ 1-0

[Event "Autumn Cup - Group B"]
[Site "Wellington Chess Club"]
[Date "2021.05.13"]
[Round "2.2"]
[White "Sellen, Ian"]
[Black "Sole, Michael"]
[Result "0-1"]
[WhiteElo "2039"]
[BlackElo "2012"]

1. d4 Nf6 2. Nf3 d5 3. Bf4 c5 4. c3 Nc6 5. dxc5 a5 6. Na3 Nh5 7. Qd2 f6 8. Rd1
e5 9. Be3 Be6 10. h3 g6 11. g4 Ng7 12. Bg2 Qd7 13. Qc2 Be7 14. Nc4 Qc7 15. Nb6
Rd8 16. Nh4 f5 17. gxf5 gxf5 18. Bxd5 Bxh4 19. Bxe6 Rxd1+ 20. Kxd1 Nxe6 21.
Qxf5 Qf7 22. Nc8 Qxf5 23. Nd6+ Kd7 24. Nxf5 Be7 25. Nxe7 Nxe7 26. f3 Kc6 27.
Kc2 Rg8 28. Rd1 Nd5 29. Bg1 Rg2 30. Kd3 Nxc5+ 31. Kd2 Nf4 32. Bxc5 Kxc5 33. b4+
Kc4 34. bxa5 Rxe2+ 35. Kc1 Kxc3 36. Kb1 Nd3 37. Ka1 Re1 38. Rb1 Rxb1+ 39. Kxb1
Ne1 {White resigns } 0-1

[Event "Autumn Cup - Group B"]
[Site "Wellington Chess Club"]
[Date "2021.05.13"]
[Round "2.3"]
[White "Wojnar, Maciej"]
[Black "Stone, Andrew"]
[Result "1-0"]
[WhiteElo "2101"]
[BlackElo "2040"]

1. f4 e5 2. fxe5 d6 3. exd6 Bxd6 4. Nf3 Nf6 5. d4 O-O 6. Nc3 Bf5 7. Bg5 Re8 8.
Qd2 c6 9. e3 Nbd7 10. Bd3 Bg6 11. O-O Qc7 12. Bxg6 hxg6 13. Qd3 Qb6 14. Rab1 c5
15. Kh1 cxd4 16. exd4 Bb4 17. Ne2 Qe6 18. Nf4 Qg4 19. h3 Qg3 20. Ne2 Rxe2 21.
Qxe2 Re8 22. Qf2 Ne4 23. Qxg3 Nxg3+ 24. Kg1 Nxf1 25. Kxf1 f6 26. Bf4 Re4 27.
Bg3 Nb6 28. c3 Bf8 29. b3 Nd5 30. c4 Nc3 31. Rb2 Ba3 32. Rd2 Kf7 33. Bf2 Re8
34. d5 Ne4 35. Re2 Nxf2 36. Rxe8 Kxe8 37. Kxf2 Bc5+ 38. Ke2 b5 39. cxb5 Kd7 40.
Kd3 Kd6 41. Kc4 f5 42. Nd4 f4 43. a4 1-0

[Event "Autumn Cup - Group B"]
[Site "Wellington Chess Club"]
[Date "2021.05.20"]
[Round "3.1"]
[White "Stone, Andrew"]
[Black "Wojnar, Jacek"]
[Result "1-0"]
[WhiteElo "2040"]
[BlackElo "2039"]

1. e4 e5 2. Nf3 d6 3. d4 exd4 4. Nxd4 g6 5. Nc3 Bg7 6. g3 Nf6 7. Bg2 O-O 8. Be3
Nbd7 9. Qd2 Re8 10. O-O-O Nc5 11. f3 Ne6 12. Nde2 Qe7 13. g4 d5 14. e5 d4 15.
Nxd4 Nd7 16. f4 Nxd4 17. Bxd4 c6 18. Qf2 Nb6 19. Bc5 Qe6 20. h3 Bf8 21. Kb1
Bxc5 22. Qxc5 Qc4 23. Ne4 Qxc5 24. Nxc5 Rb8 25. Ne4 1-0

[Event "Autumn Cup - Group B"]
[Site "Wellington Chess Club"]
[Date "2021.05.20"]
[Round "3.2"]
[White "Sole, Michael"]
[Black "Wojnar, Maciej"]
[Result "0-1"]
[WhiteElo "2012"]
[BlackElo "2101"]

1. d4 f5 2. Bg5 h6 3. Bh4 g5 4. e3 Bg7 5. Bg3 Nf6 6. Nc3 d6 7. h4 g4 8. Nge2
Nh5 9. Nf4 Nxf4 10. Bxf4 c5 11. Qd2 Qb6 12. Bb5+ Kf8 13. Rd1 Bd7 14. Bc4 Nc6
15. dxc5 Qxc5 16. Bb3 Bxc3 17. bxc3 e5 18. Qxd6+ Qxd6 19. Rxd6 Ke7 20. Rxc6
Bxc6 21. Bxe5 Bxg2 22. Rg1 Bf3 23. Bd4 Rhd8 24. Kd2 Kd6 25. c4 a5 26. Rb1 a4
27. c5+ Kc7 28. Bc4 Bd5 29. Bxd5 Rxd5 30. c4 Rdd8 31. Rb6 Ra6 32. Rxa6 bxa6 33.
Kc3 Kc6 34. Kb4 f4 35. Be5 g3 36. fxg3 f3 0-1

[Event "Autumn Cup - Group B"]
[Site "Wellington Chess Club"]
[Date "2021.05.20"]
[Round "3.3"]
[White "Benitez, Edgar"]
[Black "Sellen, Ian"]
[Result "1/2-1/2"]
[WhiteElo "2033"]
[BlackElo "2039"]

1. d4 d5 2. c4 e6 3. Nf3 Nf6 4. cxd5 exd5 5. Nc3 Be7 6. Bg5 O-O 7. e3 Re8 8.
Bd3 h6 9. Bh4 c6 10. O-O Nbd7 11. Rc1 Ne4 12. Bg3 Nxg3 13. hxg3 Nf6 14. Qc2 Bd6
15. Nh4 Qe7 16. Nf5 Bxf5 17. Bxf5 Ne4 18. Bxe4 dxe4 19. d5 Rac8 20. Qb3 Bb4 21.
dxc6 bxc6 22. Ne2 Ba5 23. Rc4 Rb8 24. Qc2 c5 25. Rc1 Bb6 26. Nc3 f5 27. b3 Red8
28. Na4 Rd5 29. Nxc5 Rbd8 30. b4 Rd2 31. Qb3 Kh7 32. a4 a5 33. bxa5 Bxa5 34.
Qb1 Qf7 35. R4c2 Qh5 36. Rxd2 Rxd2 37. Nb3 Rd5 38. Nd4 Bd8 39. Qb3 Rd6 40. Qb5
Rf6 41. Qd5 Bb6 42. a5 Bxd4 43. Qxd4 Qe2 44. Qc4 Qxc4 45. Rxc4 Rd6 46. g4 Kg6
47. gxf5+ Kxf5 48. Ra4 Ra6 49. f3 exf3 50. gxf3 g5 51. Kf2 h5 52. Kg3 Ke5 53.
f4+ Kf5 54. e4+ Kf6 55. fxg5+ Kxg5 56. Ra3 h4+ 57. Kh3 Kf4 58. Ra4 Kg5 1/2-1/2

[Event "Autumn Cup - Group B"]
[Site "Wellington Chess Club"]
[Date "2021.05.27"]
[Round "4.1"]
[White "Wojnar, Jacek"]
[Black "Sellen, Ian"]
[Result "1-0"]
[WhiteElo "2039"]
[BlackElo "2039"]

1. e4 c5 2. f4 g6 3. Nf3 Bg7 4. Bc4 e6 5. Nc3 Ne7 6. f5 gxf5 7. d3 Nbc6 8. Bg5
Qa5 9. Bd2 Qd8 10. O-O d5 11. exd5 exd5 12. Bb5 O-O 13. Bxc6 Nxc6 14. Qe1 Nd4
15. Nxd4 Bxd4+ 16. Kh1 Bg7 17. Rf3 Re8 18. Qg3 Re6 19. Rxf5 Re1+ 20. Rxe1 Bxf5
21. Bg5 Qd7 22. Bf6 Bg6 23. Bxg7 Kxg7 24. Qe5+ f6 25. Qxd5 Qxd5 26. Nxd5 Re8
27. Rxe8 Bxe8 28. Kg1 Kf7 29. Kf2 Bc6 30. Nf4 f5 31. g3 b5 32. c3 a5 33. Ke3
Kf6 34. h4 Ke5 35. d4+ cxd4+ 36. cxd4+ Kd6 37. a3 b4 38. axb4 axb4 39. Nd3 b3
40. Nc5 Bd5 41. Kd3 Bf7 42. Kc3 Kd5 43. Nxb3 Ke4 44. Nd2+ Ke3 45. b4 Kf2 46. b5
Kxg3 47. h5 Kf4 48. h6 Bd5 49. Nc4 Kg5 50. Ne3 Bb7 51. d5 Kf6 52. Kd4 f4 53.
Ng4+ Ke7 54. Ne5 Kd6 55. Nf7+ Ke7 56. Ng5 Kd6 57. Nxh7 f3 58. Ke3 Bxd5 59. Nf6
1-0

[Event "Autumn Cup - Group B"]
[Site "Wellington Chess Club"]
[Date "2021.05.27"]
[Round "4.2"]
[White "Wojnar, Maciej"]
[Black "Benitez, Edgar"]
[Result "0-1"]
[WhiteElo "2101"]
[BlackElo "2033"]

1. f4 g6 2. Nf3 Bg7 3. e3 Nf6 4. d4 d6 5. Bd3 O-O 6. O-O Nbd7 7. e4 e5 8. c3
exd4 9. cxd4 d5 10. e5 Ne4 11. Bxe4 dxe4 12. Ng5 Nb6 13. Nxe4 Nd5 14. Nbc3 b6
15. f5 Nxc3 16. bxc3 Bb7 17. f6 Bh8 18. Ng5 Qd5 19. Qg4 h5 20. Qh3 Rfe8 21. Rf3
c5 22. Qh4 Qc4 23. Rg3 Qe2 24. Be3 Bxf6 25. Rf1 Bg7 26. Qf4 Rf8 27. Ne4 Bxe4
28. Qxe4 Qc4 29. Rgf3 Rae8 30. g4 hxg4 31. Qxg4 Bxe5 32. Rh3 Bg7 33. Bh6 Qe2
34. Qg5 Re4 35. Rg3 Bxh6 36. Qxh6 Rg4 37. dxc5 bxc5 38. Rxg4 Qxg4+ 39. Kf2 Re8
40. Qd2 Re4 41. Qd3 c4 0-1

[Event "Autumn Cup - Group B"]
[Site "Wellington Chess Club"]
[Date "2021.05.27"]
[Round "4.3"]
[White "Stone, Andrew"]
[Black "Sole, Michael"]
[Result "1-0"]
[WhiteElo "2040"]
[BlackElo "2012"]

1. e4 c5 2. Nc3 Nc6 3. Nf3 d6 4. d4 cxd4 5. Nxd4 Nf6 6. Bc4 Qb6 7. Nxc6 bxc6 8.
O-O g6 9. Be3 Qc7 10. Be2 Bg7 11. Kh1 O-O 12. f4 Rb8 13. Rb1 Bd7 14. g4 Qb7 15.
Bf3 Rfd8 16. f5 Bc8 17. Qe1 Nd7 18. Qh4 Ne5 19. Bg5 f6 20. Bh6 d5 21. Bxg7 Kxg7
22. g5 fxg5 23. Qxg5 Nf7 24. Qg3 g5 25. Bh5 h6 26. e5 e6 27. fxe6 Bxe6 28. Rf6
Qe7 29. Rbf1 Rf8 30. Rg6+ Kh7 31. Qd3 Kh8 32. Rff6 Nxe5 33. Rxh6+ Kg8 34. Rfg6+
Nxg6 35. Qxg6+ 1-0

[Event "Autumn Cup - Group B"]
[Site "Wellington Chess Club"]
[Date "2021.06.03"]
[Round "5.1"]
[White "Sole, Michael"]
[Black "Wojnar, Jacek"]
[Result "1-0"]
[WhiteElo "2012"]
[BlackElo "2039"]

1. e4 e5 2. Nf3 Qe7 3. Bc4 Nf6 4. O-O d6 5. d4 Be6 6. Bxe6 Qxe6 7. Re1 Be7 8.
d5 Qg4 9. Qd3 a6 10. c4 Nbd7 11. Nc3 Nh5 12. b4 h6 13. Ne2 a5 14. h3 Qg6 15.
Bd2 Bg5 16. c5 Bxd2 17. Nxd2 O-O 18. cxd6 cxd6 19. a3 f5 20. exf5 Rxf5 21. Nc4
Qf6 22. Nxd6 Rf4 23. Ne4 Qg6 24. Nxf4 Nxf4 25. Qg3 Qb6 26. bxa5 Rxa5 27. d6 Qb2
28. Qc3 Ne2+ 29. Rxe2 Qxe2 30. Qxa5 Qxe4 31. Re1 Qf5 32. Qd8+ 1-0

[Event "Autumn Cup - Group B"]
[Site "Wellington Chess Club"]
[Date "2021.06.03"]
[Round "5.2"]
[White "Benitez, Edgar"]
[Black "Stone, Andrew"]
[Result "1-0"]
[WhiteElo "2033"]
[BlackElo "2040"]

1. d4 f5 2. g3 e6 3. c4 Nf6 4. Bg2 c6 5. Nc3 d5 6. cxd5 exd5 7. Nf3 Bd6 8. O-O
O-O 9. Bg5 Nbd7 10. e3 Qe8 11. Bf4 Qe7 12. Bxd6 Qxd6 13. Qc2 Ne4 14. Nd2 Nxd2
15. Qxd2 Nf6 16. Rad1 Bd7 17. Qc2 a5 18. Ne2 Rae8 19. Nf4 Ne4 20. Nd3 g5 21. f3
Nf6 22. Ne5 Bc8 23. Rfe1 Nd7 24. f4 g4 25. Qc3 h5 26. Qxa5 Re7 27. Qc3 Rh7 28.
Kf2 h4 29. Rh1 Nf6 30. Rhg1 Nh5 31. b4 Qh6 32. Bh1 Nf6 33. Kf1 Be6 34. Rd2 Nh5
35. a4 hxg3 36. hxg3 Nxg3+ 37. Rxg3 Qxh1+ 38. Rg1 Qh3+ 39. Rdg2 Ra8 40. a5 Rg7
41. Kf2 Rf8 42. Qc5 Rf6 43. Qc1 Rh6 44. Qc5 Qh4+ 45. Kf1 Qh3 46. Kf2 Qh4+ 47.
Kf1 Qh3 48. Qc1 Bf7 49. Qe1 Rgh7 50. Qc3 Be8 51. Kf2 Rg7 52. Qc5 Qh4+ 53. Kf1
Qh3 54. Kf2 Bh5 55. Qa7 Kh7 56. Qb8 Qh4+ 57. Rg3 Qh2+ 58. R3g2 g3+ 59. Ke1 Qh4
60. Qf8 Rf6 61. Qd8 Bg4 62. Rxg3 Qh6 63. Nf3 Bxf3 64. Rxg7+ Qxg7 65. Rxg7+ Kxg7
66. Qe7+ Rf7 67. Qg5+ Kf8 68. Qd8+ Kg7 69. Qg5+ Kf8 70. Qd8+ Kg7 71. Kf2 Be4
72. Qc8 Kh7 73. a6 bxa6 74. Qxa6 Rg7 75. Qxc6 Rg2+ 76. Ke1 Rg1+ 77. Kd2 Rg2+
78. Kc1 Re2 79. b5 Re1+ 80. Kb2 Rb1+ 81. Ka2 Bd3 82. b6 Rb4 83. b7 Bc4+ 84. Ka1
1-0

[Event "Autumn Cup - Group B"]
[Site "Wellington Chess Club"]
[Date "2021.06.03"]
[Round "5.3"]
[White "Sellen, Ian"]
[Black "Wojnar, Maciej"]
[Result "1-0"]
[WhiteElo "2039"]
[BlackElo "2101"]

1. c4 f5 2. g3 Nf6 3. Nc3 e6 4. Bg2 d5 5. d4 c6 6. Nf3 Bd6 7. O-O O-O 8. Re1
Ne4 9. c5 Bc7 10. e3 Nd7 11. Nd2 e5 12. Nf1 g5 13. f3 Nef6 14. Qc2 f4 15. gxf4
gxf4 16. Qf2 Nh5 17. Ne2 Ndf6 18. Qh4 Kh8 19. dxe5 Bxe5 20. exf4 Bc7 21. Nd4 b6
22. Nxc6 Qd7 23. Ne5 Qb5 24. Ng3 Qb4 25. Nd3 Qb5 26. Bf1 Nxg3 27. hxg3 Bf5 28.
a4 Qc4 29. Ne5 Qb4 30. g4 Bc2 31. Be3 d4 32. Bf2 bxc5 33. Nc6 Qb7 34. Re6 Nd5
35. Nxd4 Nxf4 36. Re7 Bd8 37. Rxb7 Bxh4 38. Nxc2 {Black resigns   } 1-0

[Event "Autumn Cup - Group C"]
[Site "Wellington Chess Club"]
[Date "2021.05.06"]
[Round "1.1"]
[White "Jackson, Ross"]
[Black "Jelley, Arch"]
[Result "1-0"]
[WhiteElo "1952"]
[BlackElo "1966"]

1. d4 d5 2. c4 e6 3. Nc3 a6 4. cxd5 exd5 5. Bf4 Nf6 6. e3 Be7 7. Bd3 O-O 8. h3
Nc6 9. Nf3 Nb4 10. Bb1 Be6 11. a3 Nc6 12. Qd3 g6 13. g4 Qd7 14. Ng5 Bd6 15.
Nxe6 Qxe6 16. Bg5 Rfe8 17. Ba2 Ne7 18. Bxf6 Qxf6 19. Nxd5 Qf3 20. Nxe7+ Rxe7
21. Qf1 Rae8 22. Kd2 Re4 23. Re1 c5 24. Bd5 cxd4 25. Bxe4 Rxe4 26. Kc1 b5 27.
Qe2 Qf6 28. Qd3 Qe5 29. Rd1 Qc5+ 30. Kb1 f5 31. gxf5 Qxf5 32. exd4 Qd5 33. Rhe1
Rf4 34. Qe3 Qf5+ 35. Ka1 Kg7 36. Qe6 Qf8 37. Re2 Bxa3 38. bxa3 Qxa3+ 39. Qa2
Qc3+ 40. Qb2 1-0

[Event "Autumn Cup - Group C"]
[Site "Wellington Chess Club"]
[Date "2021.05.06"]
[Round "1.2"]
[White "Tanoi, Edward"]
[Black "Dunn, Paul"]
[Result "1-0"]
[WhiteElo "1944"]
[BlackElo "2000"]

1. d4 Nf6 2. c4 e6 3. g3 d5 4. Bg2 Be7 5. Nc3 O-O 6. Nf3 a6 7. a4 Nc6 8. O-O
dxc4 9. e4 Na5 10. Bf4 c6 11. Ne5 b5 12. axb5 cxb5 13. Rxa5 Qxa5 14. Nc6 Qb6
15. Nxe7+ Kh8 16. e5 1-0

[Event "Autumn Cup - Group C"]
[Site "Wellington Chess Club"]
[Date "2021.05.06"]
[Round "1.3"]
[White "Pomeroy, Arthur"]
[Black "Van der Hoorn, Thomas"]
[Result "1/2-1/2"]
[WhiteElo "2005"]
[BlackElo "1906"]

1. e4 e5 2. Nf3 Nc6 3. Bb5 a6 4. Ba4 Nf6 5. O-O b5 6. Bb3 Be7 7. Re1 O-O 8. a4
b4 9. d3 d6 10. a5 Bg4 11. c3 Re8 12. Nbd2 Bf8 13. h3 Be6 14. Ba4 Bd7 15. Nc4
Rb8 16. Bg5 h6 17. Bd2 bxc3 18. bxc3 Ne7 19. Bxd7 Qxd7 20. d4 exd4 21. cxd4 Qb5
22. e5 dxe5 23. dxe5 Nfd5 24. Qc2 1/2-1/2

[Event "Autumn Cup - Group C"]
[Site "Wellington Chess Club"]
[Date "2021.05.13"]
[Round "2.1"]
[White "Jelley, Arch"]
[Black "Van der Hoorn, Thomas"]
[Result "1/2-1/2"]
[WhiteElo "1966"]
[BlackElo "1906"]

1. e4 c6 2. d4 d5 3. e5 c5 4. Nf3 cxd4 5. Nxd4 Nc6 6. Bb5 Qc7 7. O-O a6 8.
Bxc6+ bxc6 9. Re1 c5 10. Nf3 e6 11. Nc3 Ne7 12. Bf4 Nf5 13. Qd2 c4 14. g4 Ne7
15. Nd4 Ng6 16. Bg3 Bc5 17. h4 h5 18. g5 Ne7 19. Kh2 Bxd4 20. Qxd4 Nf5 21. Qd1
g6 22. Ne2 O-O 23. Nd4 Nxd4 24. Qxd4 Bd7 25. c3 Ba4 26. Re2 Rab8 27. b4 a5 28.
a3 axb4 29. axb4 Ra8 30. Rea2 Bc6 31. f4 Qb7 32. Bf2 Rxa2 33. Rxa2 Ra8 34.
Rxa8+ Qxa8 35. Qa7 1/2-1/2

[Event "Autumn Cup - Group C"]
[Site "Wellington Chess Club"]
[Date "2021.05.13"]
[Round "2.2"]
[White "Dunn, Paul"]
[Black "Pomeroy, Arthur"]
[Result "0-1"]
[WhiteElo "2000"]
[BlackElo "2005"]

1. d4 Nf6 2. c4 g6 3. Nc3 Bg7 4. e4 d6 5. f3 O-O 6. Be3 Nc6 7. Nge2 a6 8. Qd2
Rb8 9. Rc1 e6 10. Nd1 d5 11. e5 Nd7 12. cxd5 exd5 13. Nf4 Nb6 14. Be2 f6 15.
O-O fxe5 16. dxe5 d4 17. Bf2 Bxe5 18. Nd3 Bg7 19. Nc5 Bf5 20. g4 d3 21. gxf5
dxe2 22. Qxe2 Rxf5 0-1

[Event "Autumn Cup - Group C"]
[Site "Wellington Chess Club"]
[Date "2021.05.13"]
[Round "2.3"]
[White "Jackson, Ross"]
[Black "Tanoi, Edward"]
[Result "1-0"]
[WhiteElo "1952"]
[BlackElo "1944"]

1. d4 Nf6 2. c4 g6 3. Nf3 Bg7 4. g3 O-O 5. Bg2 c5 6. d5 d6 7. Nc3 e6 8. O-O
exd5 9. cxd5 a6 10. a4 Bg4 11. Nd2 Re8 12. f3 Bc8 13. e4 Nbd7 14. f4 Nh5 15. g4
Nhf6 16. h3 Qc7 17. Nc4 b6 18. Be3 b5 19. axb5 Nb6 20. Nxb6 Qxb6 21. b4 Rb8 22.
bxc5 dxc5 23. e5 axb5 24. Rb1 Qa5 25. Qd2 Nd7 26. Ra1 Qb4 27. Rfb1 Nxe5 28.
Rxb4 cxb4 29. fxe5 bxc3 30. Qxc3 Bxe5 31. Bd4 Bd6 32. Qc6 Rd8 33. Ra8 1-0